000 00459nam a22001937a 4500
003 MPLRDC
005 20220104143151.0
008 210129b ||||| |||| 00| 0 eng d
020 _a983-9768-23-5
082 _a868.71 ZHB
100 _a朱海波
245 _a马来半岛山岳经典
_c
250 _a初版
260 _a
_b千秋事业社
_c1999
300 _b
490 _a千秋自然. 1
650 _a马华文学
942 _cBK
_o868.71 ZHB
999 _c37271
_d37261